[Event "Roquetas de Mar op 36th"]
[Site "Roquetas de Mar"]
[Date "2025.01.06"]
[Round "7"]
[White "Kaczmarek, Aleksander"]
[Black "Gomez Sanjuan, Hector Fernando"]
[Result "1-0"]
[WhiteElo "2339"]
[BlackElo "2139"]
[PlyCount "117"]
[EventDate "2025.01.02"]
[EventType "swiss"]
[EventRounds "9"]
[EventCountry "ESP"]
[SourceTitle "CB02_2025"]
[SourceDate "2025.01.08"]
[SourceVersion "1"]
[SourceVersionDate "2025.01.08"]
[SourceQuality "1"]

1. e4 c5 2. Nf3 Nc6 3. b4 cxb4 4. d4 d5 5. exd5 Qxd5 6. c4 bxc3 7. Nxc3 Qa5 8. d5 Qxc3+ 9. Bd2 Qa3 10. dxc6 bxc6 11. Rc1 e6 12. Rxc6 Bd7 13. Bb5 Nf6 14. 0-0 a6 15. Rc3 Qd6 16. Bxd7+ Qxd7 17. Ne5 Qd5 18. Qa4+ Qb5 19. Qc2 Bd6 20. Rc8+ Ke7 21. Nc6+ Kd7 22. Rxh8 Rxh8 23. Nd4 Qd5 24. Qa4+ Ke7 25. Rc1 Ra8 26. Nc6+ Kf8 27. Bb4 Kg8 28. Rd1 Bxh2+ 29. Kxh2 Qh5+ 30. Kg1 Ng4 31. Ne7+ Kh8 32. Qc6 Qh2+ 33. Kf1 Rb8 34. Qd6 h6 35. Nc6 Rb5 36. Qxh2 Nxh2+ 37. Ke2 Ng4 38. a3 Nf6 39. Rd8+ Kh7 40. Rf8 Rb7 41. Ra8 Rb6 42. Ne5 Nd5 43. Nxf7 Nxb4 44. axb4 Rxb4 45. Rxa6 Kg6 46. Ne5+ Kf5 47. Nd3 Rb5 48. Ke3 e5 49. f3 h5 50. Ra7 g5 51. Rf7+ Kg6 52. Re7 Kf6 53. Re8 Ra5 54. Rf8+ Kg6 55. Ke4 Ra2 56. Nxe5+ Kg7 57. Rf7+ Kg8 58. Kf5 g4 59. fxg4 1-0

[Event "Roquetas de Mar op 36th"]
[Site "Roquetas de Mar"]
[Date "2025.01.03"]
[Round "2"]
[White "Silva Lucena, Cristian"]
[Black "Gomez Sanjuan, Hector Fernando"]
[Result "1-0"]
[WhiteElo "2317"]
[BlackElo "2139"]
[PlyCount "69"]
[EventDate "2025.01.02"]
[EventType "swiss"]
[EventRounds "9"]
[EventCountry "ESP"]
[SourceTitle "CB02_2025"]
[SourceDate "2025.01.08"]
[SourceVersion "1"]
[SourceVersionDate "2025.01.08"]
[SourceQuality "1"]

1. d4 Nf6 2. c4 c5 3. Nf3 cxd4 4. Nxd4 e5 5. Nb5 d5 6. cxd5 Bc5 7. N5c3 0-0 8. g3 Qb6 9. e3 Bg4 10. Be2 Bh3 11. Rg1 Bc8 12. g4 Rd8 13. g5 Ne8 14. a3 Qc7 15. Nd2 Nd6 16. Nf1 e4 17. Ng3 a6 18. Qd2 b5 19. b4 Bb6 20. Bb2 Qe7 21. Nh5 Nd7 22. Nd1 Nf5 23. Qc3 Bb7 24. Nxg7 Bd4 25. exd4 Kxg7 26. d6 Qxd6 27. Bg4 Qxh2 28. d5+ Kf8 29. Rf1 Rac8 30. Qh8+ Ke7 31. Bf6+ Nxf6 32. Qxf6+ Kf8 33. Bxf5 Rd6 34. Qh8+ Ke7 35. Bxc8 1-0

[Event "Roquetas de Mar op 35th"]
[Site "Roquetas de Mar"]
[Date "2024.01.03"]
[Round "3"]
[White "Cuenca Jimenez, Jose Fernando"]
[Black "Gomez Sanjuan, Hector Fernando"]
[Result "1-0"]
[WhiteElo "2514"]
[BlackElo "2139"]
[PlyCount "57"]
[EventDate "2024.01.02"]
[EventType "swiss"]
[EventRounds "9"]
[EventCountry "ESP"]
[SourceTitle "CBM 218 Extra"]
[Source "ChessBase"]
[SourceDate "2024.03.31"]
[SourceVersion "1"]
[SourceVersionDate "2024.03.31"]
[SourceQuality "1"]

1. d4 Nf6 2. Bf4 c5 3. d5 b5 4. e4 Qa5+ 5. Qd2 Qxd2+ 6. Nxd2 b4 7. a3 bxa3 8. Rxa3 d6 9. Bb5+ Bd7 10. Bd3 g6 11. h3 Bg7 12. c3 0-0 13. Ngf3 Bc8 14. 0-0 Rd8 15. Nc4 Ba6 16. Nfd2 Rd7 17. Rfa1 Bxc4 18. Nxc4 Rb7 19. R1a2 Nfd7 20. Bc2 Nb6 21. Nxb6 Rxb6 22. Rxa7 Rxa7 23. Rxa7 Rxb2 24. Rxe7 Rxc2 25. Re8+ Bf8 26. Rxb8 Kg7 27. e5 g5 28. Bxg5 dxe5 29. Rb6 1-0

[Event "La Nucia op 3rd"]
[Site "La Nucia"]
[Date "2022.10.09"]
[Round "1"]
[White "Gomez Sanjuan, Hector Fernando"]
[Black "Grigoryan, Karen H"]
[Result "0-1"]
[WhiteElo "2091"]
[BlackElo "2617"]
[PlyCount "67"]
[EventDate "2022.10.09"]
[EventType "swiss"]
[EventRounds "9"]
[EventCountry "ESP"]
[SourceTitle "CBM 210 Extra"]
[Source "ChessBase"]
[SourceDate "2022.11.30"]
[SourceVersion "1"]
[SourceVersionDate "2022.11.30"]
[SourceQuality "1"]

1. d4 Nf6 2. c4 e6 3. Nc3 Bb4 4. Qc2 b6 5. e4 c5 6. a3 Bxc3+ 7. bxc3 Ba6 8. Bd3 Nc6 9. Nf3 Na5 10. Qe2 d6 11. Bg5 h6 12. Be3 Rc8 13. Nd2 cxd4 14. cxd4 e5 15. 0-0 0-0 16. f4 Qe7 17. fxe5 dxe5 18. Rf5 Nd7 19. Raf1 f6 20. Rh5 exd4 21. Bxh6 Rc5 22. e5 Rxe5 23. Rxe5 Nxe5 24. Bf4 Re8 25. Bxe5 Qxe5 26. Ne4 Bb7 27. Rf5 Qe7 28. Rf4 f5 29. Ng3 g6 30. Qxe7 Rxe7 31. Rxd4 Nc6 32. Rd6 Ne5 33. Bc2 Kh7 34. Rd4 0-1

[Event "ESP-ch Amateurs U2300"]
[Site "Murcia"]
[Date "2022.09.02"]
[Round "6.4"]
[White "Gomez Sanjuan, Hector Fernando"]
[Black "Garcia Gil, Bernardino"]
[Result "1/2-1/2"]
[WhiteElo "2058"]
[BlackElo "2292"]
[PlyCount "115"]
[EventDate "2022.08.30"]
[EventType "swiss"]
[EventRounds "7"]
[EventCountry "ESP"]
[SourceTitle "EXT 2024"]
[Source "ChessBase"]
[SourceDate "2023.10.10"]
[SourceVersion "1"]
[SourceVersionDate "2023.10.10"]
[SourceQuality "1"]

1. d4 d5 2. c4 e6 3. Nc3 Nf6 4. cxd5 exd5 5. Bg5 Be7 6. e3 0-0 7. Bd3 b6 8. Bxf6 gxf6 9. Qh5 f5 10. Bxf5 Bxf5 11. Qxf5 c6 12. Nf3 Nd7 13. g4 Nf6 14. Ne5 Rc8 15. Rg1 Ne8 16. g5 Ng7 17. Qg4 Rc7 18. Qh4 Qc8 19. Ng4 Kh8 20. Nf6 Qf5 21. 0-0-0 Qg6 22. Qf4 Rb7 23. Rg3 Rd8 24. Rh3 Bxf6 25. gxf6 Ne6 26. Qe5 Rbb8 27. Rg3 Qh6 28. Rdg1 Re8 29. Ne2 c5 30. Qf5 Rg8 31. Rxg8+ Rxg8 32. Rxg8+ Kxg8 33. Nf4 Nxf4 34. exf4 Qf8 35. Qxd5 cxd4 36. Qxd4 h6 37. Kd2 Kh8 38. f5 Kh7 39. Ke3 Qe8+ 40. Kf4 Qc6 41. Ke5 Qe8+ 42. Kf4 Qc6 43. a3 Qg2 44. Qe3 Qd5 45. Qe7 Qc4+ 46. Kg3 h5 47. h3 Qd5 48. Kh4 a5 49. Kxh5 Qxf5+ 50. Kh4 Qxf2+ 51. Kg4 Qg2+ 52. Kf4 Qh2+ 53. Kg4 Qg1+ 54. Kf4 Qf2+ 55. Kg4 Qg2+ 56. Kf4 Qh2+ 57. Kg4 Qg2+ 58. Kf4 1/2-1/2

[Event "ESP-ch 85th"]
[Site "Linares"]
[Date "2020.09.06"]
[Round "7"]
[White "Gomez Sanjuan, Hector Fernando"]
[Black "Garcia Molero, Alejandro"]
[Result "1-0"]
[WhiteElo "2117"]
[BlackElo "1778"]
[PlyCount "99"]
[EventDate "2020.08.31"]
[EventType "swiss"]
[EventRounds "9"]
[EventCountry "ESP"]
[SourceTitle "EXT 2021"]
[Source "ChessBase"]
[SourceDate "2020.10.23"]
[SourceVersion "1"]
[SourceVersionDate "2020.10.23"]
[SourceQuality "1"]

1. d4 d5 2. c4 c6 3. cxd5 cxd5 4. Bf4 Nc6 5. Nc3 Nf6 6. e3 a6 7. Bd3 Bg4 8. f3 Bh5 9. g4 Bg6 10. h4 e6 11. Nge2 Bd6 12. Rc1 Bxd3 13. Qxd3 Rc8 14. Kf2 Bxf4 15. exf4 b5 16. h5 0-0 17. Rcg1 Ne7 18. a4 b4 19. Nd1 Qd7 20. b3 a5 21. Ne3 Ne8 22. f5 Nd6 23. f6 gxf6 24. g5 fxg5 25. Rxg5+ Kh8 26. Rhg1 Nef5 27. Qd2 Rg8 28. Nxf5 Nxf5 29. Rxg8+ Rxg8 30. Rxg8+ Kxg8 31. Qg5+ Kf8 32. Qf6 Qd6 33. f4 h6 34. Kf3 Ke8 35. Ng3 Nxg3 36. Kxg3 Qa6 37. Qh8+ Ke7 38. Qxh6 Qd3+ 39. Kh4 Qxd4 40. Qg5+ Qf6 41. Kg4 Qxg5+ 42. fxg5 f5+ 43. Kf4 d4 44. h6 Kf7 45. h7 Kg7 46. g6 e5+ 47. Kxe5 d3 48. Ke6 d2 49. h8Q+ Kxh8 50. Kf7 1-0

[Event "ESP-ch 85th"]
[Site "Linares"]
[Date "2020.09.04"]
[Round "5"]
[White "Gomez Sanjuan, Hector Fernando"]
[Black "Perez Bolanos, David"]
[Result "0-1"]
[WhiteElo "2117"]
[BlackElo "1956"]
[PlyCount "52"]
[EventDate "2020.08.31"]
[EventType "swiss"]
[EventRounds "9"]
[EventCountry "ESP"]
[SourceTitle "EXT 2021"]
[Source "ChessBase"]
[SourceDate "2020.10.23"]
[SourceVersion "1"]
[SourceVersionDate "2020.10.23"]
[SourceQuality "1"]

1. e4 c5 2. Nf3 Nc6 3. d4 cxd4 4. Nxd4 e5 5. Nb5 d6 6. N1c3 a6 7. Na3 b5 8. Nab1 Nf6 9. Bg5 Be7 10. Bxf6 Bxf6 11. a4 b4 12. Nd5 0-0 13. Bc4 Bg5 14. c3 Rb8 15. Ra2 Be6 16. Bxa6 Qa5 17. Be2 bxc3 18. bxc3 f5 19. 0-0 fxe4 20. c4 Bxd5 21. cxd5 Nd4 22. Na3 Rfc8 23. Bb5 Rc1 24. Qg4 Nxb5 25. Qe6+ Kh8 26. Nxb5 Qe1 0-1

[Event "Benidorm op U2300 18th"]
[Site "Benidorm"]
[Date "2019.12.04"]
[Round "7"]
[White "Martin Barcelo, Carles"]
[Black "Gomez Sanjuan, Hector Fernando"]
[Result "1/2-1/2"]
[WhiteElo "2196"]
[BlackElo "2145"]
[PlyCount "46"]
[EventDate "2019.11.29"]
[EventType "swiss"]
[EventRounds "10"]
[EventCountry "ESP"]
[SourceTitle "EXT 2022"]
[Source "ChessBase"]
[SourceDate "2021.10.06"]
[SourceVersion "1"]
[SourceVersionDate "2021.10.06"]
[SourceQuality "1"]

1. e4 e6 2. d4 d5 3. Bd3 dxe4 4. Bxe4 Nf6 5. Bf3 c5 6. Ne2 Nc6 7. Be3 cxd4 8. Nxd4 Ne5 9. Nc3 a6 10. Qe2 Nxf3+ 11. Qxf3 e5 12. Nb3 Bb4 13. Bc5 Bxc5 14. Nxc5 0-0 15. 0-0 Qb6 16. Nb3 Re8 17. Nd5 Nxd5 18. Qxd5 Qg6 19. c3 e4 20. Kh1 Rb8 21. Rad1 Bg4 22. Rd2 Qf6 23. Qd6 Qxd6 1/2-1/2

[Event "Benidorm op U2300 18th"]
[Site "Benidorm"]
[Date "2019.12.02"]
[Round "4"]
[White "Ayza Leon, David"]
[Black "Gomez Sanjuan, Hector Fernando"]
[Result "1/2-1/2"]
[WhiteElo "2231"]
[BlackElo "2145"]
[PlyCount "106"]
[EventDate "2019.11.29"]
[EventType "swiss"]
[EventRounds "10"]
[EventCountry "ESP"]
[SourceTitle "EXT 2022"]
[Source "ChessBase"]
[SourceDate "2021.10.06"]
[SourceVersion "1"]
[SourceVersionDate "2021.10.06"]
[SourceQuality "1"]

1. e4 c5 2. Nf3 Nc6 3. d4 cxd4 4. Nxd4 g6 5. c4 Bg7 6. Be3 d6 7. Nc3 Nf6 8. Be2 Bd7 9. 0-0 Nxd4 10. Bxd4 Bc6 11. Qc2 0-0 12. b4 b6 13. Rad1 Nd7 14. Bxg7 Kxg7 15. f4 a5 16. a3 Qc7 17. Qd3 axb4 18. axb4 Ra3 19. Qd4+ Kg8 20. Rd3 Rfa8 21. h4 Rb3 22. Nd5 Rxd3 23. Bxd3 Bxd5 24. cxd5 Ra3 25. Bb5 Nf6 26. Bc6 Qc8 27. e5 dxe5 28. fxe5 Nh5 29. d6 exd6 30. exd6 Qxc6 31. d7 Ra8 32. d8Q+ Rxd8 33. Qxd8+ Kg7 34. Qd4+ Kg8 35. Qe5 Qc4 36. Ra1 Qc6 37. b5 Qc8 38. Qd5 Qc3 39. Rf1 Qe3+ 40. Kh2 Qg3+ 41. Kg1 Qe3+ 42. Kh2 Qg3+ 43. Kh1 Qxh4+ 44. Kg1 Qe7 45. Rf3 Qe1+ 46. Kh2 Qh4+ 47. Kg1 Qe1+ 48. Rf1 Qe3+ 49. Kh2 Qg3+ 50. Kh1 Qh4+ 51. Kg1 Qe7 52. Qa8+ Kg7 53. Qa1+ Kg8 1/2-1/2

[Event "ESP-ch U18"]
[Site "Salobrena"]
[Date "2019.07.23"]
[Round "3"]
[White "Gomez Sanjuan, Hector Fernando"]
[Black "Villacorta Nicolas, David"]
[Result "1/2-1/2"]
[WhiteElo "2236"]
[BlackElo "2039"]
[PlyCount "92"]
[EventDate "2019.07.22"]
[EventType "swiss"]
[EventRounds "9"]
[EventCountry "ESP"]
[SourceTitle "CBM 191 Extra"]
[Source "ChessBase"]
[SourceDate "2019.09.30"]
[SourceVersion "1"]
[SourceVersionDate "2019.09.30"]
[SourceQuality "1"]

1. d4 Nf6 2. Nf3 g6 3. c4 c5 4. e3 Bg7 5. Nc3 0-0 6. Be2 d6 7. 0-0 b6 8. Rb1 Bb7 9. b4 Ne4 10. Nxe4 Bxe4 11. Bd3 Bxd3 12. Qxd3 cxb4 13. Rxb4 Nc6 14. Rb5 Qc7 15. Ba3 Rfd8 16. Rc1 Rac8 17. Qc2 Na5 18. Nd2 Qd7 19. Qb1 Rc7 20. h3 Rdc8 21. Qb4 Nc6 22. Qb1 Na5 23. Qb4 Nc6 24. Qa4 Bxd4 25. exd4 Nxd4 26. Rcb1 Nxb5 27. Qxb5 Qxb5 28. Rxb5 Rc6 29. Kf1 a6 30. Rb3 b5 31. cxb5 axb5 32. Bb4 Kf8 33. Ke2 Ke8 34. Ke3 f5 35. Nb1 Kd7 36. Nc3 Rb8 37. Ra3 e5 38. Ra7+ Rc7 39. Ra6 Rc6 40. Ra7+ Rc7 41. Ra5 Rcb7 42. Ra6 Rb6 43. Ra7+ R6b7 44. Ra6 Rb6 45. Ra7+ R6b7 46. Ra6 Rb6 1/2-1/2

[Event "EU-ch U16 27th"]
[Site "Mamaia"]
[Date "2017.09.08"]
[Round "4"]
[White "Pobor, Danilo"]
[Black "Gomez Sanjuan, Hector Fernando"]
[Result "0-1"]
[WhiteElo "1947"]
[BlackElo "2122"]
[PlyCount "88"]
[EventDate "2017.09.05"]
[EventType "swiss"]
[EventRounds "9"]
[EventCountry "ROU"]
[SourceTitle "CBM 180 Extra"]
[Source "ChessBase"]
[SourceDate "2017.10.06"]
[SourceVersion "1"]
[SourceVersionDate "2017.10.06"]
[SourceQuality "1"]

1. d4 Nf6 2. Nf3 e6 3. c4 c5 4. d5 b5 5. Bg5 exd5 6. cxd5 d6 7. e4 a6 8. Nbd2 h6 9. Bh4 Be7 10. Bd3 Nxd5 11. exd5 Bxh4 12. Nxh4 Qxh4 13. Ne4 0-0 14. 0-0 c4 15. Bc2 Qd8 16. Qf3 Nd7 17. Nxd6 Nf6 18. Nxc8 Rxc8 19. Rad1 Qd6 20. Rd4 Rc5 21. Rfd1 Re8 22. h3 a5 23. Qa3 b4 24. Qf3 g6 25. Rf4 Kg7 26. Ba4 Re7 27. Bc6 c3 28. bxc3 Rxc3 29. Rxf6 Qxf6 30. Qxf6+ Kxf6 31. Ba4 Rc8 32. Kf1 Rec7 33. Ke2 Rc1 34. Rd3 R1c3 35. Rd2 Ke7 36. d6+ Kd8 37. d7 R8c5 38. Rd6 Ra3 39. Bb3 Rc7 40. Ra6 Rxd7 41. f4 Ke7 42. g4 a4 43. Rxa4 Rxa4 44. Bxa4 Rc7 0-1

[Event "Alcoy Region-ch"]
[Site "Alcoy"]
[Date "2016.11.05"]
[Round "5"]
[White "Gomez Sanjuan, Hector Fernando"]
[Black "Galiana Fernandez, Adrian"]
[Result "0-1"]
[WhiteElo "2036"]
[BlackElo "2102"]
[PlyCount "76"]
[EventDate "2016.10.01"]
[EventType "swiss"]
[EventRounds "7"]
[EventCountry "ESP"]
[SourceTitle "EXT 2024"]
[Source "ChessBase"]
[SourceDate "2023.10.10"]
[SourceVersion "1"]
[SourceVersionDate "2023.10.10"]
[SourceQuality "1"]

1. d4 Nf6 2. c4 e6 3. Nf3 Bb4+ 4. Nbd2 b6 5. a3 Bxd2+ 6. Qxd2 Bb7 7. e3 0-0 8. Be2 d6 9. b4 c5 10. 0-0 Ne4 11. Qc2 Ng5 12. Nxg5 Qxg5 13. f3 Nc6 14. b5 Ne7 15. e4 Qf6 16. dxc5 Qd4+ 17. Kh1 Qxa1 18. Bb2 Qxf1+ 19. Bxf1 dxc5 20. Kg1 Ng6 21. g3 e5 22. Bh3 Bc8 23. Bf5 f6 24. Bxg6 hxg6 25. f4 Bg4 26. Kf2 Rad8 27. Ke3 Rd1 28. Bc3 Rf1 29. Qg2 Rf3+ 30. Qxf3 Bxf3 31. Kxf3 exf4 32. gxf4 Kf7 33. a4 Rd8 34. Ke3 Rh8 35. f5 Rh3+ 36. Kd2 Rxh2+ 37. Ke1 gxf5 38. exf5 Rh4 0-1

[Event "Xativa Murta op 2nd"]
[Site "Xativa"]
[Date "2016.08.26"]
[Round "7"]
[White "Galvan Cipriani, Viviana"]
[Black "Gomez Sanjuan, Hector Fernando"]
[Result "0-1"]
[WhiteElo "1662"]
[BlackElo "2025"]
[PlyCount "88"]
[EventDate "2016.08.22"]
[EventType "swiss"]
[EventRounds "9"]
[EventCountry "ESP"]
[SourceTitle "CBM 174 Extra"]
[Source "ChessBase"]
[SourceDate "2016.10.10"]
[SourceVersion "1"]
[SourceVersionDate "2016.10.10"]
[SourceQuality "1"]

1. c4 e5 2. Nc3 Nc6 3. g3 Bc5 4. Bg2 d6 5. e3 a6 6. Nge2 Ba7 7. d3 h5 8. h4 Nf6 9. Ne4 Nxe4 10. Bxe4 Bg4 11. Qb3 Rb8 12. Nc3 Qd7 13. Bd2 Ne7 14. f3 Be6 15. 0-0-0 b5 16. Qc2 bxc4 17. dxc4 Bxc4 18. Bd3 Qc6 19. Bxc4 Qxc4 20. Qa4+ Qxa4 21. Nxa4 Nf5 22. f4 Nxg3 23. Rh3 Ne4 24. Rg1 Nxd2 25. Kxd2 exf4 26. Rxg7 fxe3+ 27. Ke2 Rb4 28. b3 Rg4 29. Rg5 Rg8 30. Rxg8+ Rxg8 31. Nc3 Rg2+ 32. Ke1 Rc2 33. Nd5 Rxa2 34. Nf6+ Kf8 35. Nxh5 Bd4 36. Nf4 Bc3+ 37. Kd1 Rd2+ 38. Kc1 Bb2+ 39. Kb1 e2 40. Ng2 Bd4 41. h5 Rd1+ 42. Kc2 Rg1 43. Ne1 Rxe1 44. h6 Ra1 0-1

[Event "Xativa Murta op 2nd"]
[Site "Xativa"]
[Date "2016.08.25"]
[Round "6"]
[White "Gomez Sanjuan, Hector Fernando"]
[Black "Nieves Cabanes, Jose Manuel"]
[Result "0-1"]
[WhiteElo "2025"]
[BlackElo "2227"]
[PlyCount "102"]
[EventDate "2016.08.22"]
[EventType "swiss"]
[EventRounds "9"]
[EventCountry "ESP"]
[SourceTitle "CBM 174 Extra"]
[Source "ChessBase"]
[SourceDate "2016.10.10"]
[SourceVersion "1"]
[SourceVersionDate "2016.10.10"]
[SourceQuality "1"]

1. d4 e6 2. c4 b6 3. Nc3 Bb7 4. e4 Bb4 5. Qc2 Qh4 6. Bd3 f5 7. g3 Qe7 8. a3 Bxc3+ 9. bxc3 fxe4 10. Bxe4 Bxe4 11. Qxe4 Nc6 12. Nf3 Nf6 13. Qd3 0-0 14. 0-0 Qf7 15. h3 h6 16. Kg2 d6 17. Nd2 Rae8 18. f4 Na5 19. Bb2 c5 20. Rae1 Qc7 21. Kh2 d5 22. cxd5 exd5 23. c4 Rd8 24. cxd5 c4 25. Rc1 b5 26. a4 Nxd5 27. Qf3 b4 28. Ne4 Nb3 29. Rc2 c3 30. Rd1 Qb6 31. a5 Nxa5 32. Bxc3 bxc3 33. Nxc3 Nxc3 34. Qxc3 Rd6 35. d5 Nc6 36. Re1 Nd8 37. Qe5 Nf7 38. Qe7 Rxd5 39. Rce2 Rdd8 40. Ra2 a5 41. Re6 Qb4 42. Qc7 Rd2+ 43. Re2 Rxe2+ 44. Rxe2 a4 45. f5 Ng5 46. h4 Nf3+ 47. Kg2 Rxf5 48. Re7 Qb2+ 49. Kh3 Rf8 50. Qc4+ Kh8 51. Qxa4 h5 0-1

[Event "Mislata op 50th"]
[Site "Mislata"]
[Date "2016.08.13"]
[Round "8"]
[White "Marin Corresa, Arturo"]
[Black "Gomez Sanjuan, Hector Fernando"]
[Result "1-0"]
[WhiteElo "2126"]
[BlackElo "2025"]
[PlyCount "115"]
[EventDate "2016.08.08"]
[EventType "swiss"]
[EventRounds "9"]
[EventCountry "ESP"]
[SourceTitle "EXT 2017"]
[Source "ChessBase"]
[SourceDate "2016.10.25"]
[SourceVersion "1"]
[SourceVersionDate "2016.10.25"]
[SourceQuality "1"]

1. d4 Nf6 2. Nf3 c5 3. c3 e6 4. Bf4 b6 5. h3 Bb7 6. Nbd2 Be7 7. e3 cxd4 8. cxd4 0-0 9. Rc1 Nc6 10. a3 a6 11. Bd3 d6 12. 0-0 Re8 13. Bh2 Bf8 14. Ng5 h6 15. f4 g6 16. Nge4 Nd5 17. Qe1 f5 18. Nc3 Bg7 19. Kh1 Nf6 20. Bc4 Kh7 21. b4 Nb8 22. Bg3 Nbd7 23. Bh4 Qb8 24. Qd1 e5 25. Nf3 exf4 26. exf4 b5 27. Bf7 Rf8 28. Be6 Nb6 29. Qd3 Nfd5 30. Bg3 Nxc3 31. Qxc3 Bd5 32. Rfe1 Bxe6 33. Rxe6 Re8 34. Qe1 Rxe6 35. Qxe6 Nc4 36. a4 Qg8 37. Qe2 Qe8 38. Qa2 Rb8 39. axb5 axb5 40. Re1 Qc6 41. Re7 Re8 42. Qe2 Rxe7 43. Qxe7 Qe4 44. Qd7 Qb1+ 45. Kh2 Qxb4 46. Bh4 Nb6 47. Qb7 g5 48. fxg5 Nc4 49. Qf7 d5 50. gxh6 Qd6+ 51. Bg3 Qxh6 52. Qxf5+ Qg6 53. Qxd5 Ne3 54. Qxb5 Nf5 55. Bf4 Nxd4 56. Nxd4 Bxd4 57. Qd7+ Bg7 58. Be5 1-0

[Event "Mislata op 50th"]
[Site "Mislata"]
[Date "2016.08.11"]
[Round "5"]
[White "Gomez Sanjuan, Hector Fernando"]
[Black "Kovacevic, Slobodan"]
[Result "1-0"]
[WhiteElo "2025"]
[BlackElo "2303"]
[PlyCount "117"]
[EventDate "2016.08.08"]
[EventType "swiss"]
[EventRounds "9"]
[EventCountry "ESP"]
[SourceTitle "EXT 2017"]
[Source "ChessBase"]
[SourceDate "2016.10.25"]
[SourceVersion "1"]
[SourceVersionDate "2016.10.25"]
[SourceQuality "1"]

1. d4 Nf6 2. c4 e6 3. Nc3 c5 4. d5 exd5 5. cxd5 d6 6. Nf3 g6 7. e4 a6 8. a4 Bg4 9. Be2 Bxf3 10. Bxf3 Nbd7 11. 0-0 Bg7 12. Be3 0-0 13. Be2 Re8 14. f3 h5 15. Bg5 Qc7 16. a5 c4 17. Be3 Ne5 18. Na4 Nfd7 19. Nb6 Nxb6 20. Bxb6 Qe7 21. Rc1 Rac8 22. Rc2 Qf6 23. Qc1 Nd7 24. Be3 Qd8 25. Rxc4 Rxc4 26. Qxc4 Qxa5 27. b4 Qa3 28. Bc1 Bb2 29. Bxb2 Qxb2 30. Bd1 Ne5 31. Qb3 Qd4+ 32. Kh1 Nd3 33. h3 Nxb4 34. Be2 Rc8 35. Rd1 Qc5 36. f4 b5 37. e5 Rd8 38. e6 fxe6 39. dxe6 d5 40. Qg3 Kh7 41. f5 gxf5 42. Qg5 Rg8 43. Qxf5+ Kg7 44. Qf7+ Kh8 45. Qxh5+ Kg7 46. Qf7+ Kh8 47. e7 Qe3 48. Bh5 Qe4 49. Qxg8+ Kxg8 50. e8Q+ Qxe8 51. Bxe8 Kf8 52. Bh5 Ke7 53. Bf3 Kd6 54. h4 a5 55. h5 Ke5 56. h6 Kf6 57. Bh5 a4 58. Rf1+ Kg5 59. h7 1-0

[Event "ESP-ch U16"]
[Site "Granada"]
[Date "2016.07.18"]
[Round "2"]
[White "Gomez Sanjuan, Hector Fernando"]
[Black "Alvarez Alonso, Alberto"]
[Result "1/2-1/2"]
[WhiteElo "2071"]
[BlackElo "1899"]
[PlyCount "139"]
[EventDate "2016.07.18"]
[EventType "swiss"]
[EventRounds "9"]
[EventCountry "ESP"]
[SourceTitle "EXT 2024"]
[Source "ChessBase"]
[SourceDate "2023.10.10"]
[SourceVersion "1"]
[SourceVersionDate "2023.10.10"]
[SourceQuality "1"]

1. d4 d5 2. c4 e6 3. Nc3 Be7 4. cxd5 exd5 5. Bf4 Nf6 6. e3 Bf5 7. Nge2 0-0 8. Ng3 Be6 9. Bd3 c6 10. Qc2 g6 11. h4 c5 12. dxc5 Nc6 13. a3 d4 14. Nce4 Qa5+ 15. Nd2 dxe3 16. Bxe3 Nb4 17. axb4 Qxa1+ 18. Ke2 Qa2 19. h5 Bg4+ 20. f3 Nxh5 21. Nxh5 Qe6 22. Nf4 Qd7 23. fxg4 Qxg4+ 24. Nf3 Bg5 25. g3 Rfe8 26. Kf2 Rxe3 27. Kxe3 Qxg3 28. Qh2 Bxf4+ 29. Kd4 Rd8+ 30. Kc4 Qxf3 31. Qxh7+ Kf8 32. Qh8+ Ke7 33. Re1+ Kd7 34. Qc3 Kc7 35. Be4 Qxc3+ 36. bxc3 f5 37. Bd5 Rd7 38. Re6 Rg7 39. c6 bxc6 40. Rxc6+ Kb8 41. Be6 Bc1 42. Rc8+ Kb7 43. Rg8 Rxg8 44. Bxg8 g5 45. Be6 f4 46. Bg4 Kc6 47. b5+ Kd6 48. Kd4 Bb2 49. Bf3 Ke6 50. Bg4+ Kf6 51. Ke4 Bxc3 52. Bd7 Kg6 53. Kf3 Kh5 54. Be6 Kg6 55. Bd7 Kf6 56. Bc8 Ke7 57. Bh3 Kd6 58. Bf1 Bf6 59. Bh3 Bd8 60. Bf1 Kd5 61. Bh3 Kc4 62. Bd7 Be7 63. Bc6 Kc5 64. Bd7 Kd4 65. Bg4 Kd3 66. Bf5+ Kd2 67. Bd7 Ke1 68. Be6 Kf1 69. Bd7 Kg1 70. Ke4 1/2-1/2